The Communist Movement in the Arab World / (Record no. 13486)
[ view plain ]
| 000 -LEADER | |
|---|---|
| fixed length control field | 01995cam a22003254a 4500 |
| 001 - CONTROL NUMBER | |
| control field | 13588058 |
| 005 - DATE AND TIME OF LATEST TRANSACTION | |
| control field | 20061031115738.0 |
| 008 - FIXED-LENGTH DATA ELEMENTS--GENERAL INFORMATION | |
| fixed length control field | 040510s2005 enk |rb 001 0 eng |
| 010 ## - LIBRARY OF CONGRESS CONTROL NUMBER | |
| LC control number | 2004011015 |
| 020 ## - INTERNATIONAL STANDARD BOOK NUMBER | |
| International Standard Book Number | 9780415546218 |
| 035 ## - SYSTEM CONTROL NUMBER | |
| System control number | (OCoLC)ocm55131234 |
| 040 ## - CATALOGING SOURCE | |
| Original cataloging agency | DLC |
| Transcribing agency | DLC |
| Modifying agency | BWK |
| -- | OCL |
| -- | BAKER |
| -- | DLC |
| 042 ## - AUTHENTICATION CODE | |
| Authentication code | pcc |
| 043 ## - GEOGRAPHIC AREA CODE | |
| Geographic area code | ma----- |
| 050 00 - LIBRARY OF CONGRESS CALL NUMBER | |
| Classification number | HX434.A6 |
| Item number | I775 2005 |
| 082 00 - DEWEY DECIMAL CLASSIFICATION NUMBER | |
| Classification number | 324.217509174927 |
| Edition number | 22 |
| Item number | ISM |
| 100 1# - MAIN ENTRY--PERSONAL NAME | |
| Personal name | Ismael, Tareq Y. |
| 9 (RLIN) | 11795 |
| 245 14 - TITLE STATEMENT | |
| Title | The Communist Movement in the Arab World / |
| Statement of responsibility, etc | Tareq Y. Ismael. |
| 260 ## - PUBLICATION, DISTRIBUTION, ETC. (IMPRINT) | |
| Place of publication, distribution, etc | London ; |
| -- | New York : |
| Name of publisher, distributor, etc | RoutledgeCurzon,2005 |
| Date of publication, distribution, etc | 2005. |
| 300 ## - PHYSICAL DESCRIPTION | |
| Extent | x, 209 p. ; |
| Dimensions | 24 cm. |
| 490 ## - Series Statement | |
| Series statement | Durham modern Middle East and Islamic world series ; |
| Volume/sequential designation | 7 |
| 504 ## - BIBLIOGRAPHY, ETC. NOTE | |
| Bibliography, etc | Includes bibliographical references (p. [186]-204) and index. |
| 505 0# - FORMATTED CONTENTS NOTE | |
| Formatted contents note | The heritage of Arab communist parties -- The Soviet legacy -- The Soviet Union and Arab issues, 1919-1967 -- The Soviet Union and Arab issues, 1967-1984 -- Perestroika and after -- The crisis of the communism in the Arab world -- A manifesto to the peoples of the East -- The tasks of the communists in the all-Arab national movement -- The tasks of the communist party of Palestine in the countryside -- Work among the peasants and The struggle against Zionism -- Manifesto of the communist and workers' parties of the Arab countries -- The social revolution and the East. |
| 650 #0 - SUBJECT ADDED ENTRY--TOPICAL TERM | |
| Topical term or geographic name as entry element | Communism |
| Geographic subdivision | Arab countries |
| General subdivision | History |
| Chronological subdivision | 20th century. |
| 9 (RLIN) | 11796 |
| 650 #0 - SUBJECT ADDED ENTRY--TOPICAL TERM | |
| Topical term or geographic name as entry element | Communist parties |
| Geographic subdivision | Arab countries |
| General subdivision | History |
| Chronological subdivision | 20th century. |
| 9 (RLIN) | 11797 |
| 856 42 - ELECTRONIC LOCATION AND ACCESS | |
| Materials specified | Publisher description |
| Uniform Resource Identifier | <a href="http://www.loc.gov/catdir/enhancements/fy0701/2004011015-d.html">http://www.loc.gov/catdir/enhancements/fy0701/2004011015-d.html</a> |
| 942 ## - ADDED ENTRY ELEMENTS (KOHA) | |
| Source of classification or shelving scheme | Dewey Decimal Classification |
| Item type | Book - Borrowing |
| Withdrawn status | Item status | Source of classification or shelving scheme | Damaged status | Not for loan | Vendor | Home library | Current library | Shelving location | Date acquired | Source of acquisition | Cost, normal purchase price | Serial Enumeration / chronology | Total Checkouts | Total Renewals | Full call number | Barcode | Date last seen | Date last borrowed | Koha item type |
|---|---|---|---|---|---|---|---|---|---|---|---|---|---|---|---|---|---|---|---|
| Dewey Decimal Classification | MERIC | Central Library | Central Library | First floor | 24/02/2010 | 225.20 | 10029 | 2 | 10 | 324.217509174927 ISM | 000019902 | 15/07/2025 | 21/02/2016 | Book - Borrowing |